Public expenditure & economic growth in india: (Record no. 142092)

MARC details
000 -LEADER
fixed length control field 00691nam a22002057a 4500
005 - DATE AND TIME OF LATEST TRANSACTION
control field 20170628124048.0
010 ## - LCCN (DPL NO)
LC control number ENG-119008
020 ## - INTERNATIONAL STANDARD BOOK NUMBER
International Standard Book Number 9788186098769
Terms of availability 150.00
020 ## - INTERNATIONAL STANDARD BOOK NUMBER
International Standard Book Number 8186098763
Terms of availability 150.00
035 ## - SYSTEM CONTROL NUMBER
System control number EN-102540
037 ## - SOURCE OF ACQUISITION
Source of stock number/acquisition DBAD/PUB
082 ## - DEWEY DECIMAL CLASSIFICATION NUMBER
Classification number 338.954
100 ## - MAIN ENTRY--PERSONAL NAME
Personal name Kaushal, Pranjal
245 ## - TITLE STATEMENT
Title Public expenditure & economic growth in india:
Remainder of title an empirical investigation /
Statement of responsibility, etc by Pranjal Kaushal [and] Siddharth Shastri
260 ## - PUBLICATION, DISTRIBUTION, ETC. (IMPRINT)
Place of publication, distribution, etc Jaipur
Name of publisher, distributor, etc Narayan Prakashan
Date of publication, distribution, etc 2017
270 ## - ADDRESS
Address G-15, S.S. Tower, Dhamani Street, Chaura Rasta, Jaipur
300 ## - PHYSICAL DESCRIPTION
Extent 116p
Dimensions 21cm.(Hb)
500 ## - GENERAL NOTE
General note Includes bibliographical refrence
942 ## - ADDED ENTRY ELEMENTS (KOHA)
Source of classification or shelving scheme Dewey Decimal Classification
Item type English Books
Classification part 338.954
Call number suffix KAU
Holdings
Withdrawn status Lost status Not for loan Collection code Home library Current library Date acquired Source of acquisition Cost, normal purchase price Full call number Barcode Copy number Cost, replacement price Koha item type
      Non-fiction Shahdara Branch Shahdara Branch 28/06/2017 DBAD/PUB 150.00 338.954 KAU EN-102540 1 150.00 English Books

© Delhi Public Library
Hit Counter
free hit counter